02148nab a22003377i 4500003000900000005001700009008004000026035001700066040002400083041001800107080001000125100011700135245012000252260001000372520045400382520040600836650001401242650001501256650001501271650002701286650003001313650007801343650010301421653003201524653002701556653002101583653002901604773014901633942001301782999001501795KOSZ 00520170502111101.0160308s2012 pl ||||| ||||0|| ||pol  aPBN-R:316927 cKOSZ 005/mdaPBN-ID0 apolbpolbeng a631.6 aSŁAWIŃSKI, Kazimierz.d2000 - .bPolitechnika Koszalińska - Wydział Mechaniczny,cKatedra Agroinżynierii10aAnaliza wyposażenia gospodarstw ekologicznych w ciągniki rolnicze /cKazimierz Sławiński, Łukasz Krzyśko. c2012. aW artykule przedstawiono wyniki badań nad wyposażeniem gospodarstw ekologicznych zlokalizowanych w województwie wielkopolskim w ciągniki rolnicze. Przedstawiono wyposażenie wybranych gospodarstw ekologicznych w ciągniki rolnicze. Określono efektywność ich eksploatacji z uwzględnieniem liczby i wieku maszyn w gospodarstwach, rocznego czasu ich wykorzystania oraz mocy zainstalowanej w przeliczeniu na 100 ha użytków rolnych. aThe article presents results of research about organic farming equipment located in the wielkopolskie province in agricultural tractors. It also includes equipment of selected organic farms in agricultural tractors. Contains the efficiency of their operation, including the number and age of equipment on farms, the annual time of their use and capacity installed based on 100 ha of agricultural land. 0aEkonomia. 0aTransport. 0aEconomics. 0aInżynieria rolnicza. 0aAgricultural engineering. 0aOriginal article presents the results of original research or experiment. 0aOryginalny artykuł naukowy przedstawia rezultaty oryginalnych badań naukowych lub eksperymentu. agospodarstwa ekologiczne|pl aciągniki rolnicze|pl aorganic farms|en aargicultural tractors|en08iW :tAutobusy. Technika, Eksploatacja, Systemy Transportowe. -x1509-5878dInstytut Naukowo-Wydawniczy "SPATIUM"g2012, R. 13, nr 5, s. 247-251. cART2UKD c8325d8325